Kooperační výhoda

Význam konkurenčnej výhody na svetovom trhu. Sklony podnikateľov spájať sa a kooperovať (spoločné podniky, konzorciá, združenia). Prednosti a riziká kooperácie. Predpoklady kooperácie.

Saved in:
Bibliographic Details
Main Author: Jirásek, J.
Format: Book Chapter
Language:Czech
Subjects:
Tags: Add Tag
No Tags, Be the first to tag this record!

MARC

LEADER 00000naa a2200000 4500
001 r024772
005 20221208131009.5
041 0 |a cze 
044 |a CZ 
245 1 0 |a Kooperační výhoda  |c J. Jirásek 
520 |a Význam konkurenčnej výhody na svetovom trhu. Sklony podnikateľov spájať sa a kooperovať (spoločné podniky, konzorciá, združenia). Prednosti a riziká kooperácie. Predpoklady kooperácie. 
610 2 0 |a kooperácia 
610 2 0 |a podnik 
610 2 0 |a konkurencia medzinárodná 
610 2 0 |a spolupráca podnikov 
610 2 0 |a joint ventures 
610 2 0 |a trh svetový 
610 2 0 |a združenia podnikov 
610 2 0 |a konzorciá 
100 1 |a Jirásek, J.